000
00250nam a2200097Ia 4500
001
1103512
005
20250827003341.0
008
250824s9999 xx 000 0 und d
245
0
_a
YAVUZ SULTAN SELİM
_c
YAVUZ BAHADIROĞLU
260
_b
PANAMA YAYINLARI
999
_c
1103512
_d
1103512